[Event "BCF-ch"]
[Site "Southport"]
[Date "1983.??.??"]
[Round "9"]
[White "Mestel, A Jonathan"]
[Black "Chandler, Murray G"]
[Result "1/2-1/2"]
[WhiteElo "2500"]
[BlackElo "2485"]

1.c4 e6 2.Nf3 d5 3.b3 c5 4.g3 Nc6 5.Bg2 Nf6 6.O-O d4 7.d3 e5 8.a3 Bd6 9.e4 O-O
10.Ne1 Bd7 11.f4 exf4 12.gxf4 Ng4 13.Nc2 Qh4 14.h3 Nh6 15.Qf3 f6 16.Nd2 g5
17.e5 fxe5 18.Qd5+ Nf7 19.Nf3 Qg3 20.Nxg5 Ne7 21.Qf3 Qxf3 22.Nxf3 exf4 23.b4 b6
24.Nd2 Rad8 25.Ne4 Ng6 26.bxc5 bxc5 27.Rb1 Bf5 28.Rb7 Nfe5 29.Ne1 Bxe4 30.Bxe4 Rd7
31.Rxd7 Nxd7 32.Ng2 Nde5 33.Nxf4 Nxf4 34.Rxf4 Rxf4 35.Bxf4 Nxc4 36.Bd5+ Kg7
37.Bxc4 Bxf4 38.Kg2 Kf6 39.Kf3 Ke5 40.a4 Bd2 41.Kg4 h6 42.Kf3  1/2-1/2

[Event "SWE-ch"]
[Site "?"]
[Date "1983.??.??"]
[Round "?"]
[White "Schussler, Harry"]
[Black "Ernst, Thomas"]
[Result "1/2-1/2"]
[WhiteElo "2485"]
[BlackElo "2380"]

1.c4 e6 2.Nf3 d5 3.d4 Nf6 4.Bg5 Nbd7 5.Nc3 c6 6.e3 Qa5 7.Nd2 dxc4 8.Bxf6 Nxf6
9.Nxc4 Qc7 10.Be2 Be7 11.O-O O-O 12.Rc1 Rd8 13.Qc2 Nd5 14.Ne4 Bd7 15.a3 a5
16.Ne5 Be8 17.Nd3 Nf6 18.Nd2 Rac8 19.g3 Kh8 20.Rfd1 Kg8 21.Bf3 Kh8 22.Qc3 Nd5
23.Qb3 Nb6 24.Ne4 Nd7 25.Qc3 Nf6 26.Nec5 b6 27.Nb3 a4 28.Nd2 c5 29.dxc5 bxc5
30.Nc4  1/2-1/2

[Event "URS-FL"]
[Site "Tallinn"]
[Date "1983.??.??"]
[Round "?"]
[White "Makarichev, Sergey"]
[Black "Korzubov, Peter"]
[Result "1/2-1/2"]
[WhiteElo "2510"]
[BlackElo "2450"]

1.c4 e6 2.Nf3 d5 3.d4 Nf6 4.Nc3 Bb4 5.cxd5 exd5 6.Bg5 c6 7.Qc2 h6 8.Bxf6 Qxf6
9.e3 Bf5 10.Bd3 Bxd3 11.Qxd3 Nd7 12.O-O O-O 13.Rac1 Qe7 14.g3 Rfe8 15.a3 Bd6
16.Nh4 Qe6 17.Rce1 Nf6 18.f3 Rad8 19.Nf5 Bf8 20.g4 g6 21.Ng3 c5 22.Kg2 b6
23.Re2 Bd6 24.Rfe1 Kg7 25.e4 Bxg3 26.exd5 Qd7 27.hxg3 Rxe2+ 28.Rxe2 Nxd5
29.Rd2 Nxc3 30.bxc3 Qa4 31.d5 Qxa3 32.d6 Qa4 33.d7 Qc6 34.c4 a6 35.Kf2 b5
36.cxb5 axb5 37.Qd5 Qc7 38.Rd1 b4 39.f4 c4 40.g5 h5 41.f5  1/2-1/2

[Event "Tuzla"]
[Site "Tuzla"]
[Date "1983.??.??"]
[Round "9"]
[White "Robatsch, Karl"]
[Black "Sahovic, Dragutin"]
[Result "1/2-1/2"]
[WhiteElo "2420"]
[BlackElo "2475"]

1.c4 e6 2.Nf3 d5 3.d4 Nf6 4.Nc3 c5 5.e3 Nc6 6.Bd3 a6 7.a3 Be7 8.dxc5 dxc4
9.Bxc4 Qxd1+ 10.Kxd1 Bxc5 11.b4 Ba7 12.Bb2 Ke7 13.Ke2 Rd8 14.Rhd1 Bd7 15.Rac1  1/2-1/2

[Event "URS-ch sf"]
[Site "Volgodonsk"]
[Date "1983.??.??"]
[Round "?"]
[White "Gulko, Boris F"]
[Black "Sveshnikov, Evgeny"]
[Result "1/2-1/2"]
[WhiteElo "2490"]
[BlackElo "2505"]

1.c4 e6 2.Nf3 d5 3.b3 Nf6 4.Bb2 Bd6 5.g3 O-O 6.Bg2 Nbd7 7.O-O b6 8.cxd5 exd5
9.Nd4 c5 10.Nf5 Be5 11.d4 cxd4 12.Bxd4 Re8 13.Nc3 Nc5 14.Ne3 Bb7 15.Bxe5 Rxe5
16.Qd4 Qc7 17.Rfd1 Nfe4 18.Nxe4 Nxe4 19.Rac1 Qe7 20.f4 Re6 21.Nxd5 Bxd5 22.Qxd5 Re8
23.Qd7 Qxd7 24.Rxd7 Nf6 25.Rxa7 Rxe2 26.Bf1 Rd2 27.Bc4 Kh8 28.Bxf7 Red8 29.Be6 h5
30.Rc8 Rxc8 31.Bxc8 g6 32.Rb7 Rxa2 33.Rxb6 Kg7 34.Rb7+ Kh6 35.Re7 Rb2 36.Re3 Rb1+
37.Kg2 Rb2+ 38.Kh3 Nd5 39.Rd3 Nf6 40.Re3 Nd5 41.Rf3 Nf6 42.g4 hxg4+ 43.Bxg4 g5
44.fxg5+ Kxg5 45.Bc8 Ne4 46.Rf5+ Kg6 47.Rb5 Nd2 48.b4 Nf1 49.Bf5+ Kf6 50.Bd3 Rxh2+
51.Kg4 Rf2 52.Rc5 Ne3+ 53.Kg3 Rd2 54.Be4 Rd4 55.Kf3 Nc4 56.b5 Nd2+ 57.Ke3 Rxe4+
58.Kxd2 Re5 59.Rxe5 Kxe5  1/2-1/2

[Event "Yerevan op"]
[Site "Yerevan"]
[Date "1983.??.??"]
[Round "2"]
[White "Kozlov, Vladimir N"]
[Black "Kozirev, Alexander"]
[Result "0-1"]
[WhiteElo "2415"]
[BlackElo "2200"]

1.c4 e6 2.Nf3 d5 3.g3 Nf6 4.Bg2 dxc4 5.Na3 Bxa3 6.Qa4+ Bd7 7.Qxa3 Bc6 8.O-O Nbd7
9.b3 Nb6 10.Bb2 Qd6 11.Qa5 Qd5 12.Qc3 O-O 13.Rfc1 Qe4 14.e3 Rfd8 15.Ne1 Qg6
16.f3 Nfd5 17.Qa5 c3 18.Bxc3 Nxc3 19.Qxc3 e5 20.Rd1 Re8 21.e4 f5 22.Qe3 Rad8
23.Rac1 a6 24.Nc2 Rd6 25.a4 Nd7 26.Nb4 fxe4 27.fxe4 Rf8 28.d3 Rf7 29.Rf1 Rxf1+
30.Bxf1 Nf8 31.Nd5 Qf7 32.Bg2 Bxd5 33.exd5 Ng6 34.Qa7 Rb6 35.Qb8+ Nf8 36.Rxc7 Qh5
37.Rc1 Qe2 38.Qc7 Qe3+ 39.Kh1 Rc6 40.Qxc6 bxc6 41.Rf1 c5  0-1

[Event "Bayamo"]
[Site "Bayamo"]
[Date "1984.??.??"]
[Round "?"]
[White "Mateo, Ramon"]
[Black "Braga, Fernando"]
[Result "1-0"]
[WhiteElo "2410"]
[BlackElo "2410"]

1.c4 e6 2.Nf3 d5 3.d4 c5 4.cxd5 exd5 5.Nc3 Nc6 6.g3 Nf6 7.Bg2 Be7 8.O-O O-O
9.Bg5 c4 10.Ne5 Be6 11.e3 Nd7 12.Nxc6 bxc6 13.Bxe7 Qxe7 14.e4 Nb6 15.Re1 dxe4
16.Nxe4 Rad8 17.a4 Qb4 18.a5 Na8 19.Qh5 Bd5 20.Re2 Nc7 21.Rd1 Qxa5 22.Nf6+ gxf6
23.Be4 Rfe8 24.Qxh7+ Kf8 25.Bxd5 Re6 26.Bxe6 Nxe6 27.Qh4 Ke7 28.Qe4 Rd5 29.h4 Kf8
30.Red2 Qd8 31.Qe3 Qd7 32.Qh6+ Ke7 33.Re2 c5 34.Qc1 Kf8 35.Rde1 cxd4 36.Qxc4 d3
37.Qb4+ Kg7 38.Qg4+ Ng5 39.Re4 Qd8 40.R4e3 Rd4 41.f4 d2 42.Rd1  1-0

[Event "Belgrade"]
[Site "Belgrade"]
[Date "1984.??.??"]
[Round "?"]
[White "Cvetkovic, Srdjan"]
[Black "Damljanovic, Branko"]
[Result "0-1"]
[WhiteElo "2420"]
[BlackElo "2400"]

1.c4 e6 2.Nf3 d5 3.cxd5 exd5 4.d4 c6 5.Nc3 Bf5 6.Bg5 Be7 7.Bxe7 Qxe7 8.e3 Nf6
9.Qb3 O-O 10.Be2 a5 11.a3 b5 12.Ne5 Nfd7 13.Nd3 Nb6 14.O-O N8d7 15.a4 b4
16.Nb1 Bxd3 17.Bxd3 c5 18.Qc2 g6 19.dxc5 Nxc5 20.b3 Rac8 21.Qd1 Rfd8 22.Ra2 d4
23.exd4 Rxd4 24.Rd2 Rcd8 25.Bc2 Rxd2 26.Nxd2 Nd5 27.Nc4 Nf4 28.Qf3 Ne2+ 29.Kh1 Nd4
30.Qd1 Ndxb3 31.Qb1 Nd2 32.Nxd2 Rxd2 33.Bb3  0-1

[Event "Berlin op"]
[Site "Berlin-West"]
[Date "1984.??.??"]
[Round "6"]
[White "Gheorghiu, Florin"]
[Black "Rigo, Janos"]
[Result "0-1"]
[WhiteElo "2505"]
[BlackElo "2370"]

1.Nf3 e6 2.c4 d5 3.d4 c6 4.Qc2 Bb4+ 5.Nbd2 dxc4 6.Qxc4 a5 7.g3 Nf6 8.Bg2 Nbd7
9.O-O O-O 10.Qc2 a4 11.Nc4 Nb6 12.a3 Be7 13.Nce5 Qd5 14.Rd1 Qb5 15.Bg5 h6
16.Bxf6 Bxf6 17.Rac1 Nd7 18.Nc4 Be7 19.Nfe5 Nf6 20.Nd3 Rd8 21.e3 Bd7 22.Nce5 Be8
23.Nc5 Ra7 24.Qb1 Nd7 25.Nexd7 Bxd7 26.Qd3 Qxd3 27.Rxd3 Be8 28.Rdc3 Kf8 29.Rc4 Rda8
30.Be4 g6 31.f4 Bd6 32.Bf3 g5 33.Kf2 gxf4 34.exf4 Be7 35.Ke3 Bd6 36.h4 Be7
37.g4 Bxh4 38.Rh1 Bf6 39.Rxh6 Bg7 40.Rh2 Rd8 41.g5 b6 42.Nd3 c5 43.dxc5 Bb5
44.cxb6 Rad7 45.Nc5 Bxc4 46.Nxd7+ Rxd7 47.Rd2 Rxd2 48.Kxd2 Bd4 49.b7 Ba7
50.Bc6 Bb3 51.Kc3 Bb8 52.Kb4 Bxf4 53.Ka5 Bc7+ 54.Ka6 Bb8 55.Ka5 Ke7 56.Bxa4 Bxa4
57.Kxa4 Kd6 58.Kb5 Kc7  0-1

[Event "BCF-ch"]
[Site "Brighton"]
[Date "1984.??.??"]
[Round "6"]
[White "Plaskett, Jim"]
[Black "Flear, Glenn C"]
[Result "1-0"]
[WhiteElo "2470"]
[BlackElo "2455"]

1.c4 e6 2.Nf3 d5 3.b3 Nf6 4.Bb2 Be7 5.g3 O-O 6.Bg2 c5 7.O-O Nc6 8.cxd5 exd5
9.d4 Ne4 10.Nc3 Bf6 11.Na4 Re8 12.Rc1 cxd4 13.Nxd4 Bxd4 14.Bxd4 Bf5 15.Re1 Qe7
16.Bb2 Rad8 17.e3 Qd6 18.f3 Ng5 19.Nc5 Re7 20.Qd2 h5 21.Nxb7 Rxb7 22.Qc3 d4
23.Qxc6 Qxc6 24.Rxc6 dxe3 25.Rc5 Nh3+ 26.Bxh3 Bxh3 27.Rxe3 Be6 28.Kf2 h4
29.gxh4 Rd2+ 30.Re2 Rxe2+ 31.Kxe2 Rb4 32.Rg5 g6 33.Bf6 Rb6 34.Rc5 Kh7 35.Bc3 Ra6
36.Ra5 Rc6 37.Bd4 a6 38.Rc5 Rd6 39.Ke3 Kh6 40.Be5 Rb6 41.Bc7  1-0

[Event "BCF-ch"]
[Site "Brighton"]
[Date "1984.??.??"]
[Round "6"]
[White "McNab, Colin Anderson"]
[Black "Crouch, Colin S"]
[Result "1-0"]
[WhiteElo "2370"]
[BlackElo "2360"]

1.c4 e6 2.Nf3 d5 3.b3 b6 4.g3 Bb7 5.Bg2 Nf6 6.O-O g6 7.cxd5 exd5 8.d4 Bg7
9.Ba3 Ne4 10.Nbd2 Nc6 11.Qc2 Nb8 12.Bb2 O-O 13.a4 Nd6 14.Ne5 Re8 15.e3 Na6
16.Nd3 c6 17.a5 Rc8 18.axb6 axb6 19.Ra4 Nc7 20.Rc1 Ncb5 21.h4 Rc7 22.Qd1 Nf5
23.Nf3 Nbd6 24.h5 Bh6 25.Nf4 Ne4 26.hxg6 hxg6 27.Ne5 g5 28.Nh5 Bg7 29.Ng4 Bc8
30.Ra8 Qd6 31.Ba3 Qg6 32.Nxg7 Nxg7 33.Ne5 Qe6 34.Rb8 f6 35.Nd3 Ra7 36.Bb2 Ra2
37.Rc2 Nxg3 38.Rxb6 Ne4 39.Rbxc6 Qf5 40.Qf3 Qxf3 41.Bxf3 Bf5 42.Nc1 Ra5 43.Bxe4 Bxe4
44.R2c5 Ra7 45.Rxf6 Nh5 46.Rh6 Bf3 47.Rg6+ Kf7 48.Rxg5 Kf6 49.Rgxd5 Bxd5
50.Rxd5 Ng7 51.Rc5 Nf5 52.Kf1 Rh7 53.Nd3 Rh2 54.d5+ Kg6 55.Be5  1-0

[Event "BCF-ch"]
[Site "Brighton"]
[Date "1984.??.??"]
[Round "8"]
[White "Dunnington, Angus J"]
[Black "Shaw, Robert"]
[Result "1/2-1/2"]
[WhiteElo "2325"]
[BlackElo "2050"]

1.Nf3 e6 2.c4 d5 3.g3 c5 4.cxd5 exd5 5.d4 Nc6 6.Bg2 Nf6 7.O-O Be7 8.Nc3 O-O
9.dxc5 Bxc5 10.Bg5 d4 11.Bxf6 Qxf6 12.Nd5 Qd8 13.Nd2 Be6 14.Nf4 Qd7 15.Rc1 Be7
16.Qa4 Rac8 17.Ne4 Ne5 18.Qxd7 Nxd7 19.Nxe6 fxe6 20.Bh3 Kf7 21.Rxc8 Rxc8
22.Rd1 Rc2 23.Rxd4 Nb6 24.Rd2 Rxd2 25.Nxd2 Na4 26.Bg2 Nxb2 27.Bxb7 Na4 28.Ba6 Nc5
29.Bc4 Bf6 30.e3 Ke7 31.Kf1 Kd6 32.Ke2 Bc3 33.f3 Ke5 34.Nf1 Ba5 35.g4 g6
36.Ng3 h6 37.h4 Kf6 38.f4 e5 39.Kf3 exf4 40.exf4 Be1 41.g5+ hxg5 42.hxg5+ Ke7
43.Ne2  1/2-1/2

[Event "Midwest Masters-B"]
[Site "Chicago"]
[Date "1984.??.??"]
[Round "4"]
[White "Miller, Todd Q"]
[Black "Moore, T."]
[Result "1/2-1/2"]
[WhiteElo "2290"]
[BlackElo "2345"]

1.c4 e6 2.Nf3 d5 3.b3 Nf6 4.g3 c5 5.Bg2 d4 6.e3 Nc6 7.exd4 cxd4 8.O-O Bc5
9.d3 O-O 10.Re1 Re8 11.a3 a5 12.Ne5 Nxe5 13.Rxe5 Qc7 14.Re1 e5 15.Nd2 Bd7
16.Ne4 Nxe4 17.Bxe4 Bc6 18.Qf3 Bxe4 19.Qxe4 Qc6 20.f3 Qxe4 21.Rxe4 f5 22.Re1 e4
23.fxe4 fxe4 24.dxe4 d3+ 25.Kg2 Bd4 26.Ra2 Ra6 27.Rd1 Rxe4 28.Rxd3 Rae6 29.Rad2 Bf6
30.Bb2 Bxb2 31.Rxb2 h6 32.Kf3 Re1 33.b4 axb4 34.axb4 Rf6+ 35.Kg2 Rc1 36.c5 b6
37.cxb6 Rxb6 38.b5 Rc5 39.Rdb3 Rf5 40.g4 Re5 41.Kf3 Rf6+ 42.Kg3 Rb6 43.Kf4 Rc5
44.Rb4 Kf7 45.Ke4 Ke6 46.h4 Re5+ 47.Kf4 g5+  1/2-1/2

[Event "CUB-ch"]
[Site "CUB"]
[Date "1984.??.??"]
[Round "6"]
[White "Hernandez, Roman"]
[Black "Vera, Reynaldo"]
[Result "1/2-1/2"]
[WhiteElo "2460"]
[BlackElo "2440"]

1.c4 e6 2.Nf3 d5 3.d4 c6 4.e3 Nf6 5.Bd3 dxc4 6.Bxc4 c5 7.O-O a6 8.Qe2 b5
9.Bb3 Bb7 10.Rd1 Nbd7  1/2-1/2

[Event "Grindavik"]
[Site "Grindavik"]
[Date "1984.??.??"]
[Round "3"]
[White "Olafsson, Helgi"]
[Black "McCambridge, Vincent"]
[Result "1-0"]
[WhiteElo "2445"]
[BlackElo "2465"]

1.c4 e6 2.Nf3 d5 3.d4 c5 4.cxd5 exd5 5.g3 Nc6 6.Bg2 Nf6 7.O-O Be7 8.Be3 cxd4
9.Nxd4 Ng4 10.Nxc6 bxc6 11.Bd4 O-O 12.Nc3 Re8 13.Rc1 Bf6 14.Qa4 Bd7 15.Bxf6 Nxf6
16.Qc2 Qe7 17.Rfe1 Rad8 18.Na4 Qe5 19.Qd2 Qh5 20.Nc5 Bh3 21.Bf3 Bg4 22.Qf4 h6
23.Nd3 Bxf3 24.exf3 Rxe1+ 25.Rxe1 d4 26.Qc7 Qd5 27.Re5 Qd7 28.Re7 Qxc7 29.Rxc7 a5
30.Rxc6 Nd5 31.a3 Rb8 32.Kf1 Nb6 33.Ke2 Na4 34.Rc2 Rb3 35.Rd2 Kf8 36.Kd1 Ke7
37.Kc2 Rb8 38.Re2+ Kd6 39.Re4 Rc8+ 40.Kd2 Kd5 41.Re5+ Kd6 42.Rxa5 Nb6 43.b3 f6
44.a4 g5 45.Ra6 Kc7 46.Nc5 Nd5 47.Ne6+ Kb7 48.Rd6  1-0

[Event "JUG-ch"]
[Site "?"]
[Date "1984.??.??"]
[Round "10"]
[White "Barlov, Dragan"]
[Black "Abramovic, Bosko"]
[Result "1-0"]
[WhiteElo "2410"]
[BlackElo "2495"]

1.c4 e6 2.Nf3 d5 3.d4 Nf6 4.g3 dxc4 5.Bg2 c5 6.O-O Nc6 7.Qa4 Bd7 8.Qxc4 b5
9.Qd3 c4 10.Qd1 Rc8 11.Bg5 Be7 12.Nc3 a6 13.e4 h6 14.Bxf6 Bxf6 15.e5 Be7
16.Qe2 Nb4 17.a3 Nd3 18.Ne1 Nxe1 19.Rfxe1 O-O 20.Rad1 Qb6 21.d5 Bc5 22.d6 Kh8
23.Rd2 a5 24.Ne4 b4 25.axb4 Bxb4 26.Nc3 a4 27.Rc2 f6 28.exf6 Rxf6 29.Rf1 Rff8
30.Ne4 Bb5 31.Qe3 Qxe3 32.fxe3 Rf5 33.Rd1 Rd5 34.Rxd5 exd5 35.Nc3 Bxc3 36.Rxc3 Rc5
37.Rc1 Rc6 38.Bxd5 Rxd6 39.e4 Rd8 40.Kf2 Rb8 41.Ke3 g5 42.Rc2 Kg7 43.Rf2 Kg6
44.Kd4 h5 45.e5 Be8 46.Bxc4 Kg7 47.Bd5 Rb4+ 48.Kc5 Rb5+ 49.Kd6 Ra5 50.e6 a3
51.bxa3 Rxa3 52.Ra2 Rxa2 53.Bxa2 Kf6 54.e7  1-0

[Event "JUG-ch"]
[Site "?"]
[Date "1984.??.??"]
[Round "11"]
[White "Simic, Radoslav"]
[Black "Marjanovic, Slavoljub"]
[Result "1/2-1/2"]
[WhiteElo "2485"]
[BlackElo "2525"]

1.c4 e6 2.Nf3 d5 3.d4 c5 4.cxd5 exd5 5.g3 Nc6 6.Bg2 Nf6 7.O-O Be7 8.Nc3 O-O
9.Be3 c4 10.Ne5 Qa5 11.Qc2 Rd8 12.b3 Bb4 13.Nxc6 bxc6 14.Bd2 Bxc3 15.Bxc3 Qb5
16.bxc4 Qxc4 17.Rfc1 Rd6 18.e3 Ne4 19.Bf1 Qxc3 20.Qxc3 Nxc3 21.Rxc3 Rb8 22.Rb3 Ra8
23.Rab1 Bf5 24.Rb8+ Rd8 25.Rxa8 Rxa8 26.Rb7 g5 27.h3 h5 28.Be2 g4 29.h4 Be4
30.Ba6 Kg7 31.Kf1 Bf5 32.Rb3 Rd8 33.Ke1 Kf6 34.Bb7 Ke7 35.Bxc6 Kd6 36.Ba4 Rc8
37.Rb7 Rc1+ 38.Kd2 Ra1 39.Bb3 a5 40.Rb6+ Kc7 41.Rb5 Be4 42.Rxa5 Kd6 43.Ra6+ Ke7
44.Rh6 Rf1 45.Ke2 Rb1 46.Rxh5 Rb2+ 47.Kd1 f5 48.Rh7+ Kf6 49.Rd7 Bf3+ 50.Kc1 Rxf2
51.Bxd5 Bxd5 52.Rxd5 Rf3 53.Kd2 Rxg3 54.a4 Rh3 55.Rd6+ Kg7 56.Ke2 Rxh4 57.Kf2  1/2-1/2

[Event "London P&D Knights"]
[Site "London"]
[Date "1984.??.??"]
[Round "4"]
[White "McNab, Colin Anderson"]
[Black "McKay, Roderick M"]
[Result "1/2-1/2"]
[WhiteElo "2375"]
[BlackElo "2355"]

1.c4 e6 2.Nf3 d5 3.g3 Nf6 4.Bg2 Be7 5.O-O O-O 6.d4 c5 7.cxd5 exd5 8.Nc3 Nc6
9.Bg5 cxd4 10.Nxd4 Bg4 11.Rc1  1/2-1/2

[Event "Novi Sad"]
[Site "Novi Sad"]
[Date "1984.??.??"]
[Round "?"]
[White "Smejkal, Jan"]
[Black "Kovacevic, Vlatko"]
[Result "1-0"]
[WhiteElo "2540"]
[BlackElo "2510"]

1.c4 e6 2.Nf3 d5 3.d4 Nf6 4.Nc3 Bb4 5.cxd5 exd5 6.Bg5 Nbd7 7.e3 O-O 8.Bd3 c5
9.O-O Qa5 10.Qc2 c4 11.Bf5 Re8 12.Nd2 g6 13.Bh3 Kg7 14.a3 Bxc3 15.bxc3 b5
16.a4 b4 17.cxb4 Qxb4 18.Rfb1 Qd6 19.Qc3 Qc6 20.f3 Ba6 21.e4 Rab8 22.e5 Ng8
23.Nb3 f5 24.exf6+ Ngxf6 25.Bxd7 Nxd7 26.Nc5 Kg8 27.Rxb8 Rxb8 28.Bf4 Re8
29.Nxd7 Qxd7 30.Be5 Qc6 31.h3 Kf7 32.Kh1 Ke6 33.a5 Bb5 34.Rc1 Kd7 35.Qb4 a6
36.Rc3 Kc8 37.f4 Kb7 38.Rf3 Qd7 39.Kh2 Rc8 40.Qa3 Ka8 41.Qc3 Ba4 42.f5 gxf5
43.Rg3 Qb5 44.Rg7 Qb3 45.Qc1 Bc6 46.Qh6 c3 47.Qxh7 Bb7 48.Rc7  1-0

[Event "NOR-ch"]
[Site "Oslo"]
[Date "1984.??.??"]
[Round "9"]
[White "Scholseth, Tor Kristian"]
[Black "Ulrichsen, Jarl Henning"]
[Result "1/2-1/2"]
[WhiteElo "2200"]
[BlackElo "2300"]

1.c4 e6 2.Nf3 d5 3.d4 Nf6 4.Nc3 Be7 5.Bg5 dxc4 6.e3 a6 7.Bxc4 b5 8.Be2 Nbd7
9.O-O Bb7 10.Rc1 Rc8 11.a3 c5 12.dxc5 Rxc5 13.b4 Rc8 14.Qb3 O-O 15.Rfd1 Qe8
16.a4 bxa4 17.Nxa4 Rxc1 18.Rxc1 Bd5 19.Qd3  1/2-1/2

[Event "CAN-ch"]
[Site "Ottawa"]
[Date "1984.??.??"]
[Round "1"]
[White "Spraggett, Kevin"]
[Black "Findlay, Ian T"]
[Result "1-0"]
[WhiteElo "2540"]
[BlackElo "2305"]

1.c4 e6 2.Nf3 d5 3.d4 c5 4.cxd5 exd5 5.g3 Nc6 6.Bg2 Nf6 7.O-O Be7 8.Nc3 O-O
9.dxc5 Bxc5 10.Bg5 d4 11.Bxf6 Qxf6 12.Nd5 Qd8 13.Nd2 Bh3 14.Bxh3 Qxd5 15.Bg2 Qe6
16.Rc1 Bb6 17.Nc4 Rfe8 18.Re1 Rad8 19.a3 Re7 20.Qd3 Ne5 21.Nxe5 Qxe5 22.Rc2 g6
23.Rec1 Qe6 24.b4 Qd7 25.h4 h5 26.Kh2 Kg7 27.Bh3 Qd6 28.Bc8 Kg8 29.Kg2 Qd5+
30.Kg1 Qd6 31.Kh2 Kg7 32.Bh3 Qf6 33.Kg1 Qd6 34.Bg2 Qd7 35.Bf3 Kg8 36.Rc4 Kg7
37.Kg2 Kg8 38.Rd1 Qa4 39.Rb1 Qd7 40.Rb3 Rc8 41.Rxc8+ Qxc8 42.a4 Qd7 43.a5 Bc7
44.Rb2 Be5 45.Rc2 a6 46.Rc5 Qd6 47.Rc8+ Kg7 48.b5 axb5 49.Qxb5 Qd7 50.Qc4 Qd6
51.Ra8 Qc7 52.Qb5 Qd7 53.Qc4 Qc7 54.Bd5 Rd7 55.Qb5 Bf6 56.Ra7 Qd8 57.Bf3 d3
58.exd3 Rxd3 59.Qxb7 Qf8 60.Bd5 Bd4 61.Ra8  1-0

[Event "CAN-ch"]
[Site "Ottawa"]
[Date "1984.??.??"]
[Round "8"]
[White "Spraggett, Kevin"]
[Black "Taylor, Gordon"]
[Result "1-0"]
[WhiteElo "2540"]
[BlackElo "2325"]

1.c4 e6 2.Nf3 d5 3.d4 Nf6 4.Nc3 c5 5.e3 cxd4 6.exd4 Be7 7.cxd5 Nxd5 8.Bd3 Nc6
9.O-O O-O 10.Re1 Bf6 11.Be4 Nce7 12.Ne5 g6 13.Bh6 Bg7 14.Bxg7 Kxg7 15.Rc1 b6
16.Nxd5 Nxd5 17.Bxd5 Qxd5 18.Rc7 Bb7 19.Qg4 Rac8 20.Rd7 Qa5 21.Rf1 Bc6 22.Re7 Kf6
23.Rxf7+ Rxf7 24.Qf4+ Ke7 25.Qxf7+ Kd8 26.Rc1  1-0

[Event "CAN-ch"]
[Site "Ottawa"]
[Date "1984.??.??"]
[Round "10"]
[White "Spraggett, Kevin"]
[Black "Hartman, Brian"]
[Result "1-0"]
[WhiteElo "2540"]
[BlackElo "2230"]

1.c4 e6 2.Nf3 d5 3.d4 Nf6 4.Nc3 Bb4 5.e3 c5 6.Bd3 Nc6 7.O-O O-O 8.a3 Bxc3
9.bxc3 dxc4 10.Bxc4 Qc7 11.Ba2 e5 12.h3 e4 13.Nh2 b6 14.Qe2 Na5 15.Bb2 c4
16.Rae1 b5 17.f4 Qe7 18.Rf2 Bd7 19.Bb1 Nb7 20.g4 Nd6 21.a4 b4 22.cxb4 Bxa4
23.b5 Bxb5 24.Ba3 Rfe8 25.g5 Nd5 26.Ng4 Nc3 27.Qc2 Nxb1 28.Rxb1 a6 29.d5 Qd8
30.Qc3 Nf5 31.Bb2 f6 32.gxf6 h5 33.Rg2 hxg4 34.hxg4 Qxf6 35.gxf5 Qxc3 36.Bxc3 Ra7
37.Kf2 Rd8 38.f6 Rxd5 39.Rbg1 a5 40.fxg7 Be8 41.Rh2 Bh5 42.Rg5 Rxg5 43.fxg5 Rf7+
44.Ke1  1-0

[Event "Oxford"]
[Site "Oxford"]
[Date "1984.??.??"]
[Round "6"]
[White "Condie, Mark L"]
[Black "Levitt, Jonathan"]
[Result "1/2-1/2"]
[WhiteElo "2340"]
[BlackElo "2345"]

1.Nf3 e6 2.c4 d5 3.g3 Nf6 4.Bg2 Be7 5.O-O O-O 6.d4 c5 7.cxd5 exd5 8.Nc3 Nc6
9.dxc5 Bxc5 10.Bg5 d4 11.Bxf6 Qxf6 12.Nd5 Qd8 13.Nd2 Be6 14.Nf4 Qd7 15.Rc1 Bb6
16.Qa4 Rac8 17.Nb3 Qe7 18.Bxc6 bxc6 19.Nxe6 Qxe6  1/2-1/2

[Event "Kamen Piskov mem 4"]
[Site "Ruse"]
[Date "1984.??.??"]
[Round "9"]
[White "Spiridonov, Nikola"]
[Black "Komljenovic, Davor"]
[Result "1/2-1/2"]
[WhiteElo "2445"]
[BlackElo "2395"]

1.c4 e6 2.Nf3 d5 3.g3 c5 4.cxd5 exd5 5.d4 Nc6 6.Bg2 Nf6 7.O-O Be7 8.Nc3 O-O
9.b3 Ne4 10.Bb2 Bf6 11.Na4 b5 12.Nxc5 Nxc5 13.Rc1 Nb4 14.Rxc5 Be7 15.Rc1 Nxa2
16.Ra1 Nb4 17.Ne5 Bb7 18.Bh3 Bc8 19.Bg2 Bb7 20.Qd2 f6 21.Nd3 Nxd3 22.Qxd3 Qd7  1/2-1/2

[Event "URS-ch U20"]
[Site "Vilnius"]
[Date "1984.??.??"]
[Round "12"]
[White "Majorovas, Vitalijus"]
[Black "Korzubov, Peter"]
[Result "0-1"]
[WhiteElo "2420"]
[BlackElo "2470"]

1.c4 e6 2.Nf3 d5 3.d4 Nf6 4.Nc3 Be7 5.Bg5 O-O 6.e3 h6 7.Bh4 Ne4 8.Bxe7 Qxe7
9.Nxe4 dxe4 10.Nd2 e5 11.d5 Bf5 12.Be2 c6 13.Nb1 Qb4+ 14.Qd2 Qxd2+ 15.Nxd2 cxd5
16.cxd5 Nd7 17.g4 Bh7 18.Nc4 Rfd8 19.Rd1 Kf8 20.b4 Nb6 21.Nxb6 axb6 22.Rd2 Rd6
23.O-O Rc8 24.h3 f6 25.Bd1 Bg8 26.Bb3 Ke7 27.Rfd1 g6 28.Kg2 Bf7 29.Kg3 f5
30.f4 Kf6 31.h4 exf4+ 32.Kxf4 g5+ 33.hxg5+ hxg5+ 34.Kg3 f4+ 35.exf4 Rc3+
36.Kg2 gxf4 37.Rf2 Ke5 38.Kf1 e3 39.Rf3 Rxb3 40.axb3 Bxd5 41.Rh3 Bg2+ 42.Kxg2 Rxd1
43.Rh8 Rd2+  0-1

[Event "Aarhus-D"]
[Site "Aarhus"]
[Date "1985.??.??"]
[Round "6"]
[White "Jacobsen, Bo"]
[Black "Rosenlund, Thorbjorn"]
[Result "1/2-1/2"]
[WhiteElo "2280"]
[BlackElo "2270"]

1.c4 e6 2.Nf3 d5 3.b3 Nf6 4.g3 Be7 5.Bg2 O-O 6.O-O c6 7.d3 b5 8.Bb2 Ba6 9.Nbd2 Nbd7
10.Qc2 Rc8 11.a3 c5 12.e4 bxc4 13.bxc4 d4 14.h3 e5 15.h4 Bb7 16.a4 Bd6 17.Qd1 Ne8
18.h5 g6 19.Nh4 Be7 20.Ndf3 Ng7 21.hxg6 hxg6 22.Bh3 Bf6 23.Bc1 Qe7 24.Qd2 Ne6
25.Kg2 Bc6 26.Rh1 Bg7 27.Qe2 Rfe8 28.Bf5  1/2-1/2

[Event "ITA-ch44"]
[Site "Arcidosso"]
[Date "1985.??.??"]
[Round "2"]
[White "Bruno, Fabio"]
[Black "Zichichi, Alvise"]
[Result "0-1"]
[WhiteElo "2310"]
[BlackElo "2360"]

1.c4 e6 2.Nf3 d5 3.d4 Nf6 4.e3 Be7 5.Bd3 Nbd7 6.O-O Ne4 7.Nc3 Nxc3 8.bxc3 O-O
9.e4 dxe4 10.Bxe4 Nf6 11.Bd3 b6 12.Ne5 Bb7 13.Qe2 c5 14.Bb2 Qc7 15.f4 g6
16.Rae1 Rfe8 17.Bc1 cxd4 18.cxd4 Bf8 19.f5 exf5 20.Bxf5 Qd6 21.Qf2 gxf5 22.Qg3+ Bg7
23.Rxf5 Qxd4+ 24.Be3 Qe4 25.Bh6 Qxg2+ 26.Qxg2 Bxg2 27.Bxg7 Kxg7 28.Kxg2 Rad8
29.Kf3 Rd6 30.a4 Re7 31.a5 Nd7 32.Rg1+ Kf8 33.Nxd7+ Rexd7 34.axb6 axb6 35.c5 Rd3+
36.Kf4 R7d4+ 37.Kg5 Rh3 38.cxb6 Rb4  0-1

[Event "BUL-FRA"]
[Site "?"]
[Date "1985.??.??"]
[Round "7"]
[White "Manouck, Thierry"]
[Black "Semkov, Semko"]
[Result "1/2-1/2"]
[WhiteElo "2365"]
[BlackElo "2410"]

1.c4 e6 2.Nf3 d5 3.b3 Nf6 4.Bb2 Be7 5.g3 O-O 6.Bg2 c5 7.e3 Nc6 8.O-O d4 9.exd4 cxd4
10.Re1 Bc5 11.d3 Qc7 12.Ba3 b6 13.Ne5 Bb7 14.Nxc6 Bxc6 15.Bxc6 Qxc6 16.b4 Bd6
17.b5 Qc7 18.Bxd6 Qxd6 19.Nd2 e5 20.a4 a5 21.Qf3 Rae8 22.Qc6 Qb8 23.c5 Re6
24.Qf3 bxc5 25.Nc4 Qd8 26.Rxe5 Rfe8 27.Rxc5 h5 28.b6 h4 29.Kg2 Nd7 30.Rxa5 Nxb6
31.Nxb6 Rxb6 32.Rd5 Qc8 33.g4 Qc3 34.Rd1 Rf6 35.Rf5 Rxf5 36.gxf5 Qc2 37.Kh3 Qxa4
38.Rg1 Qd7 39.Rg4 f6 40.Rxh4 Re5 41.Qa8+ Kf7 42.Qa2+ Ke7 43.Qa3+ Kf7 44.Qa2+ Ke7
45.Qa3+ Kf7 46.Qb3+ Ke7 47.Qb4+ Kf7 48.Qc4+ Ke7 49.Qb4+ Kf7 50.Qc4+ Ke7 51.Qxd4 Qxf5+
52.Kg2 Kf7 53.Qc4+ Qe6 54.Qxe6+ Rxe6 55.Kf3 Re1 56.Rd4 g5 57.h4 gxh4 58.Rxh4 Ra1
59.Re4 Rd1 60.Ke2 Ra1 61.Ke3 Rf1 62.Ra4 Ke6 63.Ra6+ Kf5 64.Ra2 Re1+ 65.Kd4 Re8
66.Ra5+ Kf4 67.Kc4 Re2 68.f3 f5 69.d4 Rc2+ 70.Kd3 Rf2 71.d5 Rxf3+ 72.Kd4 Rf1
73.Ra8 Rd1+ 74.Kc5 Kg3 75.Ra3+ Kg4 76.d6 f4  1/2-1/2

[Event "BUL-FRA"]
[Site "?"]
[Date "1985.??.??"]
[Round "9"]
[White "Manouck, Thierry"]
[Black "Inkiov, Ventzislav"]
[Result "1/2-1/2"]
[WhiteElo "2365"]
[BlackElo "2480"]

1.c4 e6 2.Nf3 d5 3.b3 Nf6 4.Bb2 Be7 5.g3 O-O 6.Bg2 c5 7.e3 Nc6 8.O-O b6 9.Qe2 Bb7
10.Rd1 dxc4 11.bxc4 Qc7 12.Nc3 a6 13.Rab1 Nd7 14.d3 Rab8 15.Ba1 Na7 16.a4 Bf6
17.Nd2 Bxg2 18.Kxg2 Qc6+  1/2-1/2

[Event "Capablanca mem-B"]
[Site "Cienfuegos"]
[Date "1985.??.??"]
[Round "5"]
[White "Csom, Istvan"]
[Black "Montiel, Pedro"]
[Result "1-0"]
[WhiteElo "2480"]
[BlackElo "2310"]

1.c4 e6 2.Nf3 d5 3.b3 c5 4.e3 Nc6 5.cxd5 exd5 6.Bb2 Nf6 7.Be2 Bd6 8.O-O O-O
9.d3 Re8 10.Nbd2 Bg4 11.Re1 Rc8 12.a3 Bb8 13.Rc1 b6 14.Rc2 Qd6 15.Nf1 Re7
16.h3 Bd7 17.Qa1 Ne8 18.Rec1 Qg6 19.Kh1 Qh6 20.b4 Bd6 21.bxc5 bxc5 22.Bc3 Re6
23.N1h2 Rg6 24.Bf1 Qh5 25.d4 cxd4 26.Bxd4 Rc7 27.Bc5 Bxh2 28.Nxh2 Na5 29.Bd4 Nb3
30.Rxc7 Nxa1 31.Rxd7 Nb3 32.Rc8 Re6 33.Rdd8 f6 34.Nf3 a6 35.Bd3 Kf7 36.Bc2 Nxd4
37.Nxd4 Re7 38.Nc6 Rc7 39.Nd4 Re7 40.Nf5 Re5 41.Rxe8 Rxf5 42.Rf8+ Ke7 43.Rfe8+ Kf7
44.Rf8+ Ke7 45.Rce8+ Kd6 46.Bxf5 Qxf5 47.Rf7 Qxf2 48.Rxg7 h5 49.Kh2 Kc5 50.Rg3 Qb2
51.Rf3 Qxa3 52.Rxf6 Qd3 53.Re5 h4 54.Rf4 Qc3 55.Rd4 Qe1 56.Rexd5+ Kc6 57.Rg5 Qxe3
58.Rg6+ Kb5 59.Rxh4 Qe5+  1-0